[Event "Challenge"]
[Site "http://www.queenalice.com/game.php?id=767107"]
[Date "2010.4.27"]
[Round "-"]
[White "MisterTibs"]
[Black "roaddog"]
[Result "1-0"]
[WhiteElo "2188"]
[BlackElo "1100"]

1. d4 d5 2. e3 e6 3. Nf3 c5 4. dxc5 Bxc5 5. Bb5+ Nc6 6. O-O Bd7 7. c4 Nf6 8.
cxd5 Nxd5 9. Bd2 O-O 10. Nc3 Nf6 11. Qb3 Bb6 12. Rfd1 Qc7 13. Rac1 Rfe8 14. Na4
Qd8 15. Bd3 Na5 16. Nxb6 Nxb3 17. Nxd7 Nxc1 18. Nxf6+ Qxf6 19. Bc3 Qe7 20. Rxc1
a6 21. Be4 a5 22. Rd1 Red8 23. Re1 Rd7 24. Ne5 Rd6 25. Nc4 Rdd8 26. a4 Qd7 27.
Nb6 Qd6 28. Nxa8 Rxa8 29. Bxb7 Ra7 30. Bf3 Rd7 31. Bxa5 Qa6 32. b4 Rd3 33. Be2
Rd1 34. Rxd1 1-0

[Event "Challenge"]
[Site "http://www.queenalice.com/game.php?id=767464"]
[Date "2010.4.28"]
[Round "-"]
[White "krambo1"]
[Black "roaddog"]
[Result "1-0"]
[WhiteElo "1690"]
[BlackElo "1100"]

1. d4 d5 2. c4 e6 3. Nf3 c5 4. Nc3 Nc6 5. Bg5 Nf6 6. e3 cxd4 7. Nxd4 Be7 8. Be2
O-O 9. O-O Bd7 10. h3 a6 11. a3 Qc7 12. Rc1 e5 13. cxd5 Nxd4 14. exd4 exd4 15.
Qxd4 Bd6 16. Bxf6 gxf6 17. Qxf6 Be5 18. Qg5+ Kh8 19. Ne4 Qb8 20. Bd3 Rg8 21. Qh6
Rg6 22. Qh5 Bg7 23. Ng3 Rh6 24. Qxf7 Bxh3 25. gxh3 Rxh3 26. Kg2 Qc8 27. Rxc8+
1-0

[Event "Challenge"]
[Site "http://www.queenalice.com/game.php?id=767465"]
[Date "2010.4.28"]
[Round "-"]
[White "roaddog"]
[Black "krambo1"]
[Result "0-1"]
[WhiteElo "1100"]
[BlackElo "1712"]

1. e4 c6 2. Nf3 d5 3. e5 Bg4 4. d4 e6 5. Bg5 Be7 6. h4 Bxf3 7. Qxf3 Bxg5 8. hxg5
Qxg5 9. Rh5 Qc1+ 10. Ke2 Qxc2+ 11. Nd2 Ne7 12. g4 Nd7 13. Rd1 Qxb2 14. Rb1 Qxa2
15. Rxb7 Qa6+ 16. Ke1 Qxb7 17. Bd3 h6 18. g5 Nf5 19. Bxf5 exf5 20. gxh6 g6 21.
Rh2 Qb4 22. Qf4 c5 23. h7 Qxd4 24. Qh6 Qxe5+ 25. Kf1 Nf8 26. f3 Rxh7 0-1

[Event "Mike"]
[Site "http://www.queenalice.com/game.php?id=769222"]
[Date "2010.5.1"]
[Round "-"]
[White "MisterTibs"]
[Black "roaddog"]
[Result "1-0"]
[WhiteElo "2250"]
[BlackElo "1059"]

1. d4 d5 2. e3 a6 3. Nf3 e6 4. c4 c5 5. dxc5 Bxc5 6. cxd5 exd5 7. Be2 Nc6 8. O-O
Nf6 9. Nc3 O-O 10. a3 Re8 11. b4 Ba7 12. Bb2 Bf5 13. b5 axb5 14. Nxb5 Bb8 15.
Bxf6 gxf6 16. Qd2 Be4 17. Rfd1 f5 18. Nfd4 Qh4 19. g3 Qh3 20. f3 f4 21. Bf1 Qh5
22. fxe4 fxg3 23. hxg3 Rxe4 24. Rdc1 Bxg3 25. Bg2 Re5 26. Rc3 Rae8 27. Bf3 Qg5
28. Bg2 Rxe3 29. Nf3 Qf6 30. Rxe3 Qxa1+ 31. Bf1 Rd8 32. Rc3 d4 33. Rxc6 bxc6 34.
Qg5+ Kf8 35. Qxd8+ 1-0

[Event "Mike"]
[Site "http://www.queenalice.com/game.php?id=769227"]
[Date "2010.5.1"]
[Round "-"]
[White "roaddog"]
[Black "MisterTibs"]
[Result "0-1"]
[WhiteElo "1059"]
[BlackElo "2246"]

1. e4 e6 2. Nc3 d5 3. exd5 exd5 4. d4 Nf6 5. Bg5 c6 6. Qd2 Be7 7. O-O-O O-O 8.
Kb1 h6 9. Bxh6 gxh6 10. Qxh6 Ng4 11. Qd2 Bf5 12. h4 Bxh4 13. Nf3 Bxf2 14. Ne5
Be3 15. Qe2 Qg5 16. Nf3 Qf4 17. Rh5 Bg6 18. Rg5 Re8 19. Re5 Nxe5 20. Nxe5 Qg5
21. g4 Bxd4 22. Rxd4 Rxe5 23. Qf2 c5 24. Rf4 Qxf4 0-1

[Event "Challenge"]
[Site "http://www.queenalice.com/game.php?id=769858"]
[Date "2010.5.3"]
[Round "-"]
[White "roaddog"]
[Black "krambo1"]
[Result "1-0"]
[WhiteElo "1059"]
[BlackElo "1879"]

1. e4 c6 2. d4 d5 3. exd5 cxd5 4. Nc3 Nf6 5. Bg5 e6 6. Qd2 Be7 7. O-O-O O-O 8.
Bxf6 Bxf6 9. Kb1 Nc6 10. Nf3 a5 11. h4 a4 12. a3 Qb6 13. g4 Be7 14. Ka2 Bd7 15.
h5 g6 16. hxg6 fxg6 17. Qh6 Rf7 18. Bd3 Bf8 19. Qh3 Be7 20. Bxg6 Rg7 21. Bxh7+
1-0

[Event "Challenge"]
[Site "http://www.queenalice.com/game.php?id=769859"]
[Date "2010.5.3"]
[Round "-"]
[White "krambo1"]
[Black "roaddog"]
[Result "1-0"]
[WhiteElo "1938"]
[BlackElo "1059"]

1. d4 d5 2. c4 Nf6 3. Nf3 c5 4. Bg5 e6 5. e3 Nc6 6. Be2 Be7 7. O-O O-O 8. Nc3
cxd4 9. Nxd4 a6 10. Rc1 h6 11. Bh4 Bd7 12. Bg3 Rc8 13. a3 e5 14. Nxc6 bxc6 15.
Bxe5 Bf5 16. cxd5 cxd5 17. Bxa6 Rc6 18. Bb7 Rb6 19. Bxd5 Nxd5 20. Nxd5 Rg6 21.
Nxe7+ Qxe7 22. Bg3 Rd8 23. Qe1 Bd3 24. b4 Bxf1 25. Qxf1 Rd2 26. Qc4 Qd7 27. h3
Qf5 28. Qc8+ Qxc8 29. Rxc8+ Kh7 30. a4 Rb6 31. b5 Ra2 32. Rc4 Kg6 33. Kh2 Kf5
34. Bc7 Rb7 35. Rf4+ Ke6 36. b6 f6 37. Kg3 g5 38. Rd4 Ra3 39. h4 f5 40. hxg5
hxg5 41. Kf3 1-0

[Event "Challenge"]
[Site "http://www.queenalice.com/game.php?id=777148"]
[Date "2010.5.17"]
[Round "-"]
[White "ditommaso"]
[Black "roaddog"]
[Result "1-0"]
[WhiteElo "1513"]
[BlackElo "1059"]

1. e4 e5 2. Nf3 Nc6 3. Bb5 d6 4. Bxc6+ bxc6 5. d4 exd4 6. Nxd4 Bb7 7. Nc3 Nf6 8.
Bg5 Be7 9. Nf5 O-O 10. Bh6 gxh6 11. Nxh6+ Kh8 12. g4 Ng8 13. Nf5 Bf6 14. Qf3 d5
15. exd5 cxd5 16. O-O-O Rb8 17. Kb1 d4 18. Ne4 Re8 19. Rhe1 Qd5 20. Nh6 Rxe4 21.
Nxg8 Kxg8 22. Qxf6 Rxe1 23. Rxe1 Qf3 24. Qg5+ Kf8 25. Qe7+ Kg8 26. Qg5+ Kf8 27.
Qc5+ Kg8 28. Qxd4 Ba6 29. b3 Be2 30. Qxa7 Rc8 31. Qd4 Qxg4 32. Qe3 Bb5 33. f3
1-0

[Event "Mike"]
[Site "http://www.queenalice.com/game.php?id=779801"]
[Date "2010.5.23"]
[Round "-"]
[White "roaddog"]
[Black "MisterTibs"]
[Result "0-1"]
[WhiteElo "1047"]
[BlackElo "2274"]

1. e4 e6 2. d4 d5 3. exd5 exd5 4. Nc3 Nf6 5. Bg5 c6 6. Nf3 Be7 7. Qd2 h6 8. Bf4
Ne4 9. Nxe4 dxe4 10. Ne5 Be6 11. Bc4 Bxc4 12. Nxc4 O-O 13. O-O-O Qd5 14. Qc3 b5
15. Na3 b4 16. Qg3 bxa3 17. Bxh6 axb2+ 18. Kb1 Bf6 19. Be3 Na6 20. Bd2 Rfb8 21.
h4 c5 22. h5 cxd4 23. h6 Nb4 24. Bxb4 Rxb4 25. hxg7 Bxg7 0-1

[Event "Mike"]
[Site "http://www.queenalice.com/game.php?id=781466"]
[Date "2010.5.27"]
[Round "-"]
[White "MisterTibs"]
[Black "roaddog"]
[Result "1-0"]
[WhiteElo "2262"]
[BlackElo "1059"]

1. d4 d5 2. e3 e6 3. Nf3 c5 4. dxc5 Bxc5 5. Bb5+ Bd7 6. Bd3 Nc6 7. O-O Nf6 8.
Nbd2 O-O 9. e4 dxe4 10. Nxe4 Nxe4 11. Bxe4 Qc7 12. c3 Rad8 13. Qe2 Kh8 14. Bc2
Bc8 15. Qc4 Bb6 16. Qh4 g6 17. Qf6+ Kg8 18. Bh6 1-0

[Event "Challenge"]
[Site "http://www.queenalice.com/game.php?id=792661"]
[Date "2010.6.20"]
[Round "-"]
[White "roaddog"]
[Black "krambo1"]
[Result "1-0"]
[WhiteElo "1047"]
[BlackElo "1955"]

1. e4 c6 2. d4 d5 3. e5 Bf5 4. Nf3 e6 5. c4 Bb4+ 6. Nc3 Ne7 7. c5 O-O 8. a3
Bxc3+ 9. bxc3 h6 10. Be3 Nd7 11. Qd2 b6 12. Be2 bxc5 13. h4 cxd4 14. cxd4 h5 15.
Ng5 Bg6 16. g4 hxg4 17. Bxg4 Nf5 18. h5 Bh7 19. Nxh7 Kxh7 20. Qd3 Kg8 21. Bxf5
exf5 22. Qxf5 Re8 23. Kf1 Nf8 24. Rg1 Re6 25. Bg5 Qb6 26. Bf6 Qb5+ 27. Kg2 Qe2
28. Kh2 Rxf6 29. exf6 g6 30. hxg6 Nxg6 31. Rxg6+ fxg6 32. Qxg6+ Kf8 33. Rf1 Qf3
34. Qg7+ Ke8 35. Qe7# 1-0

[Event "Challenge"]
[Site "http://www.queenalice.com/game.php?id=794942"]
[Date "2010.6.25"]
[Round "-"]
[White "roaddog"]
[Black "MisterTibs"]
[Result "0-1"]
[WhiteElo "1047"]
[BlackElo "2297"]

1. e4 e6 2. d4 d5 3. exd5 exd5 4. c4 dxc4 5. Bxc4 f6 6. Nf3 Bd6 7. O-O Nc6 8.
Re1+ Nge7 9. Nc3 Bg4 10. Qe2 Nxd4 11. Qd3 Bxf3 12. gxf3 Kf8 13. Kg2 Ndc6 14. a3
Ne5 15. Rxe5 Bxe5 16. Qc2 Qe8 17. Be3 Qg6+ 18. Qxg6 hxg6 19. h3 Rh4 20. Be2 Rd8
21. Rb1 g5 22. Ne4 Nd5 23. Bc1 c6 24. Nc5 Re8 25. Nd7+ Kf7 26. Nxe5+ Rxe5 27.
Be3 Nxe3+ 28. fxe3 Rxe3 29. Kf2 Re7 30. b3 Rd4 31. Bc4+ Ke8 32. Rg1 b5 33. Bg8
Rd2+ 34. Kg3 g6 35. h4 gxh4+ 36. Kxh4 g5+ 37. Kg4 Kf8 38. Bh7 Rxh7 0-1

[Event "Challenge"]
[Site "http://www.queenalice.com/game.php?id=819389"]
[Date "2010.8.17"]
[Round "-"]
[White "roaddog"]
[Black "krambo1"]
[Result "1/2-1/2"]
[WhiteElo "1047"]
[BlackElo "1988"]

1. e4 c6 2. d4 d5 3. exd5 cxd5 4. Nf3 Nf6 5. Bg5 Bg4 6. Bxf6 exf6 7. Be2 Be7 8.
Nc3 O-O 9. O-O Nc6 10. Re1 Re8 11. Nh4 Bxe2 12. Rxe2 Rc8 13. Nf5 a6 14. Qe1 Bf8
15. Nxd5 Rxe2 16. Qxe2 Qxd5 17. Qg4 Re8 18. b3 Re4 19. Nh6+ Kh8 20. Nxf7+ Kg8
21. Nh6+ Kh8 22. Nf7+ Kg8 23. Nh6+ Kh8 24. Nf7+ Kg8 1/2-1/2

[Event "Challenge"]
[Site "http://www.queenalice.com/game.php?id=819390"]
[Date "2010.8.17"]
[Round "-"]
[White "krambo1"]
[Black "roaddog"]
[Result "0-1"]
[WhiteElo "1988"]
[BlackElo "1047"]

1. d4 d5 2. c4 e6 3. Nf3 c5 4. Bg5 Nf6 5. e3 a6 6. Nc3 Nc6 7. Be2 Be7 8. Bxf6
Bxf6 9. dxc5 Bxc3+ 10. bxc3 Qa5 11. cxd5 Qxc3+ 12. Nd2 exd5 13. Rc1 Qf6 14. O-O
Qg6 15. Re1 Bh3 16. Bf1 O-O 17. Qb3 Rad8 18. Qxb7 Ne5 19. c6 Bc8 20. Qb2 Nxc6
21. Qb6 Rd6 22. Bxa6 Ne5 23. Qxd6 Qxd6 24. Bxc8 Nd3 0-1

[Event "Challenge"]
[Site "http://www.queenalice.com/game.php?id=820061"]
[Date "2010.8.18"]
[Round "-"]
[White "MisterTibs"]
[Black "roaddog"]
[Result "1-0"]
[WhiteElo "2300"]
[BlackElo "1077"]

1. d4 d5 2. Nf3 Bg4 3. e3 Nc6 4. Be2 Nf6 5. O-O Qd7 6. Nbd2 e6 7. c4 Be7 8. Ne5
Bxe2 9. Qxe2 Nxe5 10. dxe5 Ne4 11. cxd5 Qxd5 12. Nf3 O-O 13. Rd1 Qc6 14. Nd4 Qb6
15. Qc2 Nc5 16. Bd2 Rad8 17. b4 Na6 18. b5 Nc5 19. a4 a6 20. a5 Qa7 21. Bb4 Rfe8
22. bxa6 bxa6 23. Nc6 Rxd1+ 24. Rxd1 Qb7 25. Nxe7+ 1-0

[Event "Challenge"]
[Site "http://www.queenalice.com/game.php?id=820062"]
[Date "2010.8.18"]
[Round "-"]
[White "roaddog"]
[Black "MisterTibs"]
[Result "0-1"]
[WhiteElo "1075"]
[BlackElo "2301"]

1. e4 e6 2. d4 d5 3. exd5 exd5 4. Nf3 Nf6 5. Nc3 Be7 6. Be2 O-O 7. O-O Nbd7 8.
Qd3 c5 9. dxc5 Nxc5 10. Qd1 Nce4 11. Nxe4 dxe4 12. Qxd8 Rxd8 13. Nd2 Bf5 14. Nb3
Rac8 15. c3 a6 16. Nd4 Bg6 17. Bd1 Bc5 18. Be3 h6 19. Bb3 Nd5 20. h3 Nxe3 21.
fxe3 Rc7 22. Rae1 h5 23. Ne2 Bxe3+ 24. Kh1 Bd2 25. Rd1 e3 0-1

[Event "Challenge"]
[Site "http://www.queenalice.com/game.php?id=833275"]
[Date "2010.9.15"]
[Round "-"]
[White "MisterTibs"]
[Black "roaddog"]
[Result "1-0"]
[WhiteElo "2322"]
[BlackElo "1073"]

1. d4 d5 2. e3 a6 3. Nf3 e6 4. Bd3 c5 5. dxc5 Bxc5 6. O-O Nf6 7. Nbd2 Nc6 8. Nb3
Ba7 9. c3 O-O 10. Nbd4 Ne4 11. b3 Nxc3 12. Nxc6 Nxd1 13. Nxd8 Nxe3 14. Nxe6 Nxf1
15. Nxf8 Kxf8 16. Kxf1 h6 17. Bb2 Be6 18. Rc1 Bb6 19. Bd4 Bxd4 20. Nxd4 Rd8 21.
Rc7 b5 22. Nxe6+ fxe6 23. Rc6 Ke7 24. Rxa6 e5 25. f3 e4 26. fxe4 dxe4 27. Bxe4
1-0

[Event "Challenge"]
[Site "http://www.queenalice.com/game.php?id=833621"]
[Date "2010.9.16"]
[Round "-"]
[White "roaddog"]
[Black "MisterTibs"]
[Result "0-1"]
[WhiteElo "1071"]
[BlackElo "2334"]

1. e4 e6 2. Bb5 c6 3. Bc4 d5 4. exd5 cxd5 5. Bb3 Nf6 6. Nf3 Bd6 7. O-O O-O 8. d3
Nc6 9. a3 Na5 10. Ba2 h6 11. Be3 Ng4 12. Qd2 Qc7 13. g3 Nc6 14. h3 Nxe3 15. fxe3
Bxg3 16. d4 e5 17. Kg2 e4 18. Ne5 Bxe5 19. dxe5 Qxe5 20. Nc3 Qh5 21. Rh1 Qg5+
22. Kf2 d4 23. Nxe4 Qf5+ 24. Ke2 Qxe4 25. Rag1 Qxe3+ 26. Qxe3 dxe3 27. Kxe3 Re8+
28. Kd2 Be6 29. b3 Rad8+ 30. Kc3 Bf5 31. Rh2 Re3+ 32. Kb2 Bxh3 33. Rc1 Rde8 34.
Rf2 Re2 0-1